Candidats influence games par image - Statistiques

Statistiques générales
  • Ce quiz a été pris 54 fois
  • Le résultat moyen est 8 sur 11
Statistiques - réponses
Par images Réponse % Correct
Polska
98%
Kemys
88%
Fares Salvatore
81%
Camélia92
79%
BEBETA
77%
Marwa
74%
camelia83
65%
Momo Rocma
60%
Talmo
60%
Alicia
58%
tai_tl
37%
Aucun quiz correspondant
Distribution des résultats
% des personnes avec chaque résultat
Percentile par nombre de réponses
Votre historique - résultats
Vous n’avez pas pris ce quiz